000 00757nam a2200181 a 4500
008 120416s2003 ||||||||||||||||| || u
050 _aIBRD(06)LACS/2003/1
100 _aDe Ferranti, David
245 1 0 _aClosing the gap in education and technology
246 _aDavid de Ferranti (and others)
260 _aWashington, D.C.
_bWorld Bank
_c2003
350 _a0.00
490 _aWorld Bank Latin American and Caribbean studies
650 _aEDUCATION--ECONOMIC ASPECTS--LATIN AMERICA
650 _aEDUCATION--EFFECTS OF TECHNOLOGICAL INNOVATIONS ON--LATIN AMERICA
710 _aWorld Bank
995 _D0.00
_FCBU-MAIN LIBRARY (Kitwe)
_H1
_I0.00
_M1
_UAVAILABLE
_WDec 6, 2007
_ZInternational Publications
999 _c37617
_d37617